Počátky policejního ředitelství v Praze /

Hlavní autor: Roubík, František, 1890-1974
Korporativní autor: Československo. Ministerstvo vnitra
Další autoři: Klicman, Ladislav, 1867-1943
Jazyk: Němčina
Čeština
Vydáno: Praha : Ministerstvo vnitra Republiky československé, 1926
Edice: Sborník Archivu ministerstva vnitra Republiky československé
Témata:
Fyzický popis: 282 s. ; 24 cm
Language note: Některé přílohy německy
Knihy
Uloženo v:
LEADER 01552nam a22003612a 4500
001 000406600
003 CZ BrMZK
005 20220325124849.0
007 ta
008 020708s1926 xr f |||| 0 cze d
040 |a ABD113  |b cze  |c ABD113  |d ABD001  |d ABD065  |d BOA001 
041 0 |a cze  |a ger 
072 7 |a 351  |x Úkoly veřejné správy, správní opatření, legislativa  |2 Konspekt  |9 15 
080 |a 351.74  |x (437.311)  |2 MRF 
100 1 |a Roubík, František,  |d 1890-1974  |7 jk01102845  |4 aut 
245 1 0 |a Počátky policejního ředitelství v Praze /  |c František Roubík 
260 |a Praha :  |b Ministerstvo vnitra Republiky československé,  |c 1926 
300 |a 282 s. ;  |c 24 cm 
490 1 |a Sborník Archivu ministerstva vnitra Republiky československé / Ladislav Klicman ;  |v sv. 1 
546 |a Některé přílohy německy 
610 1 7 |a Československo.  |b Policie.  |b Policejní ředitelství Praha  |7 ko2008446360  |2 czenas 
650 0 4 |a dějiny státních úřadů 
650 0 7 |a státní správa  |7 ph126193  |2 czenas 
650 0 7 |a dějiny policie  |7 ph489107  |2 czenas 
650 0 7 |a dějiny  |7 ph114390  |2 czenas 
651 7 |a Praha (Česko)  |7 ge118011  |2 czenas 
655 7 |a sborníky  |7 fd163935  |2 czenas 
700 1 |a Klicman, Ladislav,  |d 1867-1943  |7 jk01060442  |4 edt 
710 1 |a Československo.  |b Ministerstvo vnitra  |7 ko2005299605 
830 0 |a Sborník Archivu ministerstva vnitra Republiky československé 
910 |a BOA001  |b 2-0099.576,1 
990 |a BK 
996 7 |b 2619770222  |c 2-0099.576,1  |l MZK  |r Sklad / do 24 hodin  |n 10  |w 000406600  |u 000010  |a 1  |e BOA001  |j MZK50  |s A